[Event "NK Jeugd Cj"]
[Site "Assen"]
[Date "2017.04.23"]
[Round "1.1"]
[White "Maters, Arthur"]
[Black "De Boer, Eelke"]
[Result "0-1"]
[BlackElo "2100"]
[WhiteElo "1730"]
[LiveChessVersion "1.4.8"]

1. e4 {[%clk 1:30:59]} e6 {[%clk 1:30:51]} 2. d4 {[%clk 1:31:26]} d5
{[%clk 1:31:16]} 3. Nd2 {[%clk 1:31:53]} Nf6 {[%clk 1:31:39]} 4. e5
{[%clk 1:32:21]} Nfd7 {[%clk 1:32:02]} 5. Bd3 {[%clk 1:32:41]} c5
{[%clk 1:32:25]} 6. c3 {[%clk 1:33:09]} Nc6 {[%clk 1:32:46]} 7. Ndf3
{[%clk 1:33:31]} cxd4 {[%clk 1:15:44]} 8. cxd4 {[%clk 1:32:34]} f6
{[%clk 1:13:58]} 9. exf6 {[%clk 1:31:52]} Nxf6 {[%clk 1:14:14]} 10. Nh3
{[%clk 1:31:14]} Bd6 {[%clk 1:09:29]} 11. O-O {[%clk 1:31:01]} O-O
{[%clk 1:09:30]} 12. Re1 {[%clk 1:30:06]} Qc7 {[%clk 1:01:06]} 13. Nhg5
{[%clk 1:30:15]} Nd8 {[%clk 0:42:43]} 14. Bxh7+ {[%clk 1:08:57]} Nxh7
{[%clk 0:42:47]} 15. Nxh7 {[%clk 1:09:24]} Kxh7 {[%clk 0:43:05]} 16. Ng5+
{[%clk 1:09:49]} Kg8 {[%clk 0:43:19]} 17. Qh5 {[%clk 1:09:40]} g6
{[%clk 0:43:27]} 18. Qxg6+ {[%clk 1:09:59]} Qg7 {[%clk 0:43:50]} 19. Qh5
{[%clk 1:10:01]} Nf7 {[%clk 0:35:24]} 20. Nxe6 {[%clk 1:05:23]} Re8
{[%clk 0:34:35]} 21. Qxd5 {[%clk 1:03:51]} Qg6 {[%clk 0:34:03]} 22. Bd2
{[%clk 0:57:55]} Bxe6 {[%clk 0:33:10]} 23. Qxb7 {[%clk 0:57:51]} Bf5
{[%clk 0:29:30]} 24. Rxe8+ Rxe8 {[%clk 0:29:50]} 25. Qxa7 {[%clk 0:53:20]} Be4
{[%clk 0:28:24]} 26. g3 {[%clk 0:52:10]} Bd5 {[%clk 0:28:10]} 27. Qd7
{[%clk 0:45:05]} Qe4 {[%clk 0:28:01]} 28. f3 {[%clk 0:43:36]} Qxd4+
{[%clk 0:28:24]} 0-1

[Event "NK Jeugd Cj"]
[Site "Assen"]
[Date "2017.04.23"]
[Round "1.2"]
[White "Elgersma, Onno"]
[Black "Bijvank, Kylian"]
[Result "1-0"]
[WhiteElo "2026"]
[BlackElo "1678"]
[PlyCount "65"]
[EventDate "2017.??.??"]

1. e4 c5 2. Nf3 Nc6 3. d4 cxd4 4. Nxd4 e6 5. Nc3 a6 6. Nxc6 bxc6 7. Bd3 d5 8.
O-O Bc5 9. Qe2 Bb7 10. exd5 cxd5 11. Bb5+ Kf8 12. Bd3 Qd7 13. Rd1 Ne7 14. b3
Qc7 15. Na4 Bd6 16. h3 Ng6 17. Bxg6 hxg6 18. Be3 Rc8 19. c4 dxc4 20. Rac1 Qe7
21. Nb6 Rc7 22. Nxc4 Bc5 23. Ne5 Ke8 24. Bxc5 Rxc5 25. Qe3 Rxc1 26. Rxc1 Kd8
27. Qb6+ Ke8 28. Rc7 Qd8 29. Qxb7 Qd1+ 30. Kh2 Rxh3+ 31. gxh3 Qd6 32. Rc8+ Qd8
33. Qxf7# 1-0

[Event "NK Jeugd Cj"]
[Site "Assen"]
[Date "2017.04.23"]
[Round "1.3"]
[White "Van der Hagen, Loek"]
[Black "Hilwerda, Jonas"]
[Result "1/2-1/2"]
[BlackElo "2011"]
[WhiteElo "1581"]
[LiveChessVersion "1.4.8"]

1. e4 e5 2. Nf3 {[%clk 1:30:49]} Nc6 {[%clk 1:30:58]} 3. Bb5 a6 4. Ba4
{[%clk 1:31:33]} Nf6 {[%clk 1:31:54]} 5. O-O {[%clk 1:31:55]} Be7
{[%clk 1:32:19]} 6. Re1 {[%clk 1:32:18]} d6 {[%clk 1:32:38]} 7. c3
{[%clk 1:32:36]} b5 {[%clk 1:32:53]} 8. Bc2 {[%clk 1:32:53]} Bg4 {[%clk 1:32:57]}
9. h3 {[%clk 1:32:38]} Bh5 {[%clk 1:33:23]} 10. d3 {[%clk 1:32:33]} O-O
{[%clk 1:33:28]} 11. Nbd2 {[%clk 1:32:36]} Nb8 {[%clk 1:32:23]} 12. Nf1
{[%clk 1:32:37]} Bxf3 {[%clk 1:31:58]} 13. Qxf3 {[%clk 1:32:34]} c5
{[%clk 1:31:41]} 14. Ne3 {[%clk 1:25:57]} g6 {[%clk 1:27:09]} 15. Ng4
{[%clk 1:21:07]} h5 {[%clk 1:16:34]} 16. Ne3 {[%clk 1:18:28]} Nbd7
{[%clk 1:09:07]} 17. g4 {[%clk 1:12:55]} hxg4 {[%clk 1:03:27]} 18. hxg4
{[%clk 1:09:33]} Kg7 {[%clk 0:48:02]} 19. Kg2 {[%clk 1:05:53]} Rh8
{[%clk 0:39:00]} 20. Bb3 {[%clk 1:00:43]} Qg8 {[%clk 0:32:08]} 21. Bd2
{[%clk 0:57:43]} Nh7 {[%clk 0:31:07]} 22. Nd5 {[%clk 0:45:02]} Bg5
{[%clk 0:29:39]} 23. Bxg5 Nxg5 {[%clk 0:30:06]} 24. Qe3 {[%clk 0:44:12]} Ne6
{[%clk 0:23:23]} 25. Rh1 {[%clk 0:38:58]} Nf6 {[%clk 0:15:49]} 26. Rxh8
{[%clk 0:35:55]} Qxh8 {[%clk 0:16:12]} 27. Rh1 {[%clk 0:30:59]} Nxd5
{[%clk 0:08:10]} 28. Bxd5 {[%clk 0:27:49]} Nf4+ {[%clk 0:08:23]} 29. Kg1
{[%clk 0:27:17]} Qxh1+ {[%clk 0:07:47]} 30. Kxh1 {[%clk 0:27:12]} Rh8+
{[%clk 0:08:15]} 31. Kg1 {[%clk 0:26:38]} Nh3+ {[%clk 0:06:30]} 32. Kf1
{[%clk 0:21:10]} Nf4 {[%clk 0:06:58]} 33. Kg1 {[%clk 0:20:01]} Nh3+
{[%clk 0:07:19]} 34. Kf1 {[%clk 0:19:48]} 1/2-1/2

[Event "NK Jeugd Cj"]
[Site "Assen"]
[Date "2017.04.23"]
[Round "1.4"]
[White "Hoeneveld, Maarten"]
[Black "Warnaar, Alisha"]
[Result "1-0"]
[BlackElo "1571"]
[WhiteElo "2001"]
[LiveChessVersion "1.4.8"]

1. e4 {[%clk 1:30:57]} c5 {[%clk 1:30:51]} 2. d4 {[%clk 1:31:25]} cxd4
{[%clk 1:31:14]} 3. c3 {[%clk 1:31:52]} d5 {[%clk 1:31:28]} 4. exd5
{[%clk 1:32:15]} Qxd5 {[%clk 1:31:50]} 5. cxd4 {[%clk 1:32:38]} e5
{[%clk 1:31:53]} 6. dxe5 {[%clk 1:22:20]} Qxe5+ {[%clk 1:31:24]} 7. Be2
{[%clk 1:21:44]} Nc6 {[%clk 1:23:32]} 8. Nf3 {[%clk 1:20:17]} Qc7
{[%clk 1:19:25]} 9. O-O {[%clk 1:15:33]} Be7 {[%clk 1:13:21]} 10. Nc3
{[%clk 1:14:05]} Nf6 {[%clk 1:13:23]} 11. Nb5 {[%clk 0:58:05]} Qb8
{[%clk 0:55:51]} 12. g3 {[%clk 0:54:17]} Nd7 {[%clk 0:53:56]} 13. Bf4
{[%clk 0:48:15]} Nde5 {[%clk 0:52:59]} 14. Nxe5 Nxe5 {[%clk 0:53:15]} 15. Rc1
{[%clk 0:48:11]} 1-0

[Event "NK Jeugd Cj"]
[Site "Assen"]
[Date "2017.04.23"]
[Round "1.5"]
[White "Albertus, Bram"]
[Black "Bruil, Rembrandt"]
[Result "0-1"]
[BlackElo "1963"]
[WhiteElo "1569"]
[LiveChessVersion "1.4.8"]

1. e4 {[%clk 1:30:54]} c5 {[%clk 1:31:23]} 2. Nc3 {[%clk 1:30:54]} e6
{[%clk 1:31:49]} 3. f4 {[%clk 1:30:18]} d5 {[%clk 1:32:07]} 4. d3
{[%clk 1:28:59]} Nc6 {[%clk 1:31:55]} 5. Nf3 {[%clk 1:29:04]} Nf6
{[%clk 1:31:03]} 6. e5 {[%clk 1:23:28]} Nd7 {[%clk 1:31:25]} 7. d4
{[%clk 1:21:21]} cxd4 {[%clk 1:28:50]} 8. Nxd4 {[%clk 1:20:23]} Ndxe5
{[%clk 1:28:10]} 9. Bb5 {[%clk 1:09:19]} Bd7 {[%clk 1:27:37]} 10. Nb3
{[%clk 0:58:10]} Nc4 {[%clk 1:16:57]} 11. Qe2 {[%clk 0:48:01]} Nd6
{[%clk 1:15:14]} 12. Bd3 {[%clk 0:37:25]} Be7 {[%clk 1:12:19]} 13. O-O
{[%clk 0:35:56]} O-O {[%clk 1:04:48]} 14. Bd2 {[%clk 0:26:33]} Bf6
{[%clk 1:01:33]} 15. Rae1 {[%clk 0:21:08]} Re8 {[%clk 0:59:10]} 16. Qf2
{[%clk 0:15:12]} g6 {[%clk 0:40:24]} 17. Kh1 {[%clk 0:14:19]} Bh4
{[%clk 0:39:54]} 18. g3 {[%clk 0:14:24]} Bf6 {[%clk 0:40:18]} 19. a3
{[%clk 0:09:36]} Ne7 {[%clk 0:37:15]} 20. Qc5 {[%clk 0:07:10]} Bc6
{[%clk 0:36:13]} 21. Qf2 {[%clk 0:03:01]} Nef5 {[%clk 0:35:06]} 22. Re2
{[%clk 0:02:03]} d4+ {[%clk 0:32:13]} 23. Ne4 {[%clk 0:02:16]} Ne3
{[%clk 0:32:30]} 24. Rxe3 {[%clk 0:01:48]} dxe3 {[%clk 0:32:38]} 25. Qxe3
{[%clk 0:02:16]} e5 {[%clk 0:26:42]} 26. Kg1 {[%clk 0:01:58]} Bxe4
{[%clk 0:25:09]} 27. Bxe4 {[%clk 0:02:14]} exf4 28. Qxf4 {[%clk 0:01:22]} Nxe4
{[%clk 0:24:56]} 29. Bb4 {[%clk 0:01:10]} Qd5 {[%clk 0:24:37]} 30. Nd2
{[%clk 0:00:39]} Ng5 {[%clk 0:24:40]} 31. Qg4 {[%clk 0:00:38]} Bd4+
{[%clk 0:24:56]} 0-1

[Event "NK Jeugd Cj"]
[Site "Assen"]
[Date "2017.04.23"]
[Round "1.6"]
[White "Nguyen, Lucas"]
[Black "Klaren, Duncan"]
[Result "1-0"]
[BlackElo "1551"]
[WhiteElo "1924"]
[LiveChessVersion "1.4.8"]

1. e4 {[%clk 1:30:58]} c5 {[%clk 1:30:53]} 2. Nf3 {[%clk 1:31:24]} d6
{[%clk 1:31:18]} 3. d4 {[%clk 1:31:50]} cxd4 {[%clk 1:31:43]} 4. Nxd4
{[%clk 1:32:16]} Nf6 {[%clk 1:32:07]} 5. Nc3 {[%clk 1:32:41]} a6 {[%clk 1:32:30]}
6. f3 {[%clk 1:33:03]} e5 {[%clk 1:32:49]} 7. Nb3 {[%clk 1:33:23]} Be6
{[%clk 1:33:12]} 8. Be3 {[%clk 1:33:26]} Be7 {[%clk 1:33:20]} 9. Qd2
{[%clk 1:33:32]} Nbd7 {[%clk 1:33:32]} 10. g4 b5 {[%clk 1:32:14]} 11. h4
{[%clk 1:31:50]} Nb6 {[%clk 1:26:52]} 12. h5 {[%clk 1:14:40]} b4 {[%clk 1:24:44]}
13. Nd1 {[%clk 1:12:55]} a5 {[%clk 1:21:16]} 14. a3 {[%clk 1:09:41]} bxa3
{[%clk 1:13:37]} 15. Rxa3 {[%clk 1:04:38]} a4 {[%clk 1:13:42]} 16. Na5
{[%clk 1:00:21]} d5 {[%clk 1:08:21]} 17. Nc6 {[%clk 0:58:48]} Qc7
{[%clk 1:08:24]} 18. Nxe7 {[%clk 0:57:31]} d4 {[%clk 1:07:23]} 19. Nf5
{[%clk 0:54:21]} Bxf5 {[%clk 1:07:25]} 20. exf5 {[%clk 0:54:34]} dxe3
{[%clk 1:07:29]} 21. Rxe3 {[%clk 0:53:38]} Rd8 {[%clk 1:06:13]} 22. Bb5+
{[%clk 0:52:32]} Ke7 {[%clk 1:05:31]} 23. Qb4+ {[%clk 0:51:34]} Rd6
{[%clk 1:03:04]} 24. Rxe5+ {[%clk 0:40:02]} Kd8 {[%clk 1:03:04]} 25. O-O
{[%clk 0:37:47]} Rd5 {[%clk 0:58:58]} 26. Re2 {[%clk 0:33:42]} g6
{[%clk 0:58:17]} 27. Nc3 {[%clk 0:26:39]} Qa7 {[%clk 0:55:29]} 28. Kg2
{[%clk 0:25:55]} gxh5 {[%clk 0:51:18]} 29. Nxd5 {[%clk 0:25:43]} Nfxd5
{[%clk 0:51:38]} 30. Qd6+ {[%clk 0:25:52]} Kc8 {[%clk 0:52:00]} 31. Rfe1 1-0

[Event "NK Jeugd Cj"]
[Site "Assen"]
[Date "2017.04.23"]
[Round "1.7"]
[White "Brands, Kevin"]
[Black "Pham, Khoi"]
[Result "0-1"]
[WhiteElo "1531"]
[BlackElo "1870"]
[PlyCount "80"]
[EventDate "2017.??.??"]

1. e4 c5 2. Nf3 Nc6 3. d4 cxd4 4. Nxd4 e6 5. Nc3 a6 6. f4 Nge7 7. Be2 Nxd4 8.
Qxd4 Nc6 9. Qf2 Bb4 10. Qg3 O-O 11. O-O Qc7 12. a3 Be7 13. Be3 b5 14. Kh1 Bb7
15. Rad1 Rac8 16. Qf2 d6 17. Bf3 Bf6 18. e5 dxe5 19. Bb6 Qb8 20. Bc5 Rfd8 21.
Bxc6 Bxc6 22. fxe5 Qxe5 23. Rxd8+ Rxd8 24. Be7 Rd4 25. Re1 Qg5 26. Bxf6 gxf6
27. Re3 Rf4 28. Qe2 Kf8 29. Rg3 Qf5 30. Kg1 h5 31. Qd1 Qc5+ 32. Kh1 Ke7 33. Rg8
Rd4 34. Qe1 h4 35. Ne2 Re4 36. Qd1 Bd5 37. Nc3 Re5 38. Rg4 h3 39. Nxd5+ Qxd5
40. Qxd5 Re1# 0-1

[Event "NK Jeugd Cj"]
[Site "Assen"]
[Date "2017.04.23"]
[Round "1.8"]
[White "Boghossian, Wahe"]
[Black "Paays, Dominggus"]
[Result "1/2-1/2"]
[BlackElo "1531"]
[WhiteElo "1863"]
[LiveChessVersion "1.4.8"]

1. e4 {[%clk 1:30:58]} c5 {[%clk 1:30:53]} 2. Nf3 {[%clk 1:31:24]} Nc6
{[%clk 1:31:17]} 3. d4 {[%clk 1:31:47]} cxd4 {[%clk 1:31:36]} 4. Nxd4
{[%clk 1:32:11]} g6 {[%clk 1:32:03]} 5. Nc3 {[%clk 1:32:23]} Bg7 {[%clk 1:32:28]}
6. Be3 {[%clk 1:32:35]} Nf6 {[%clk 1:32:52]} 7. Be2 {[%clk 1:32:48]} O-O
{[%clk 1:33:10]} 8. O-O {[%clk 1:33:08]} d6 {[%clk 1:31:47]} 9. f3
{[%clk 1:27:14]} Bd7 {[%clk 1:27:50]} 10. Qd2 {[%clk 1:26:13]} a6
{[%clk 1:27:21]} 11. Rfd1 {[%clk 1:25:11]} Rc8 {[%clk 1:27:23]} 12. Rac1
{[%clk 1:24:24]} Nxd4 {[%clk 1:06:10]} 13. Bxd4 {[%clk 1:24:27]} Bc6
{[%clk 1:06:19]} 14. Nd5 {[%clk 1:10:25]} Bxd5 {[%clk 0:43:04]} 15. exd5
{[%clk 1:10:35]} Nd7 {[%clk 0:39:31]} 16. Bxg7 {[%clk 1:09:04]} Kxg7
{[%clk 0:39:52]} 17. c4 {[%clk 1:09:18]} Qb6+ {[%clk 0:39:22]} 18. Qd4+
{[%clk 1:08:56]} Qxd4+ {[%clk 0:39:25]} 19. Rxd4 {[%clk 1:09:18]} Rc7
{[%clk 0:39:36]} 20. Re1 {[%clk 0:58:53]} Rfc8 {[%clk 0:26:44]} 21. b3
{[%clk 0:53:58]} a5 {[%clk 0:21:57]} 22. f4 {[%clk 0:51:50]} Nc5 {[%clk 0:21:31]}
23. Bg4 {[%clk 0:40:17]} f5 {[%clk 0:21:19]} 24. Bf3 {[%clk 0:40:14]} Na6
{[%clk 0:20:32]} 25. a3 {[%clk 0:38:15]} Nc5 {[%clk 0:17:17]} 26. b4
{[%clk 0:36:47]} axb4 {[%clk 0:17:01]} 27. axb4 {[%clk 0:37:10]} Na6
{[%clk 0:17:28]} 28. b5 {[%clk 0:36:08]} Nb4 {[%clk 0:17:55]} 29. Bd1
{[%clk 0:33:18]} Ra8 {[%clk 0:16:20]} 30. Re3 {[%clk 0:13:29]} b6
{[%clk 0:11:08]} 31. Rb3 {[%clk 0:10:51]} Na2 {[%clk 0:11:33]} 32. Re3
{[%clk 0:09:19]} Nb4 {[%clk 0:10:27]} 1/2-1/2

[Event "NK Jeugd Cj"]
[Site "Assen"]
[Date "2017.04.23"]
[Round "1.9"]
[White "Tiggelaar, Joas"]
[Black "Bruggink, Tycho"]
[Result "0-1"]
[BlackElo "1858"]
[WhiteElo "1521"]
[LiveChessVersion "1.4.8"]

1. e4 {[%clk 1:30:59]} c5 {[%clk 1:30:49]} 2. Nf3 {[%clk 1:31:11]} d6
{[%clk 1:31:13]} 3. Nc3 {[%clk 1:31:24]} Nf6 {[%clk 1:31:11]} 4. Bc4
{[%clk 1:31:19]} e6 {[%clk 1:29:29]} 5. O-O {[%clk 1:31:24]} Be7 {[%clk 1:29:51]}
6. d4 {[%clk 1:29:37]} cxd4 {[%clk 1:30:10]} 7. Qxd4 {[%clk 1:28:19]} Nc6
{[%clk 1:28:58]} 8. Qd1 {[%clk 1:25:42]} a6 {[%clk 1:27:14]} 9. Bb3
{[%clk 1:21:59]} b5 {[%clk 1:22:55]} 10. Nd4 {[%clk 1:17:29]} Bb7
{[%clk 1:19:24]} 11. Nxc6 {[%clk 1:15:44]} Bxc6 {[%clk 1:19:34]} 12. Re1
{[%clk 1:14:03]} b4 {[%clk 1:19:45]} 13. Ba4 {[%clk 1:13:36]} Qd7
{[%clk 1:19:17]} 14. Bxc6 {[%clk 1:13:50]} Qxc6 {[%clk 1:19:44]} 15. Nb1
{[%clk 1:13:07]} Nxe4 {[%clk 1:17:22]} 16. Qg4 {[%clk 1:08:31]} Nf6
{[%clk 1:16:34]} 17. Qxb4 {[%clk 1:07:11]} Qxc2 {[%clk 1:16:45]} 18. Nc3
{[%clk 1:05:59]} O-O {[%clk 1:14:11]} 19. Qb7 {[%clk 1:01:21]} Rfe8
{[%clk 1:13:25]} 20. Qf3 {[%clk 0:56:29]} Nd7 {[%clk 1:05:02]} 21. Qg3
{[%clk 0:53:28]} Qg6 {[%clk 1:03:10]} 22. Qf3 {[%clk 0:51:18]} Ne5
{[%clk 1:02:07]} 23. Qh3 {[%clk 0:48:47]} Qg4 24. Qxg4 {[%clk 0:47:32]} Nxg4
{[%clk 0:52:38]} 25. h3 {[%clk 0:46:45]} Ne5 {[%clk 0:52:54]} 26. Re3
{[%clk 0:45:47]} Rab8 {[%clk 0:50:02]} 27. b3 {[%clk 0:41:15]} Bf6
{[%clk 0:47:57]} 28. Bb2 {[%clk 0:38:30]} Bg5 {[%clk 0:48:14]} 29. Re2
{[%clk 0:34:32]} Nd3 {[%clk 0:45:07]} 30. Ne4 {[%clk 0:31:28]} Be7
{[%clk 0:44:38]} 31. Ba3 {[%clk 0:30:14]} d5 {[%clk 0:44:37]} 32. Bxe7
{[%clk 0:29:58]} Rxe7 {[%clk 0:44:59]} 33. Nd6 {[%clk 0:27:37]} Rd7
{[%clk 0:42:49]} 34. Rd2 {[%clk 0:20:31]} Nc5 {[%clk 0:41:19]} 35. Nc4
{[%clk 0:19:27]} dxc4 {[%clk 0:41:45]} 36. Rxd7 {[%clk 0:19:28]} Nxd7
{[%clk 0:42:10]} 37. bxc4 {[%clk 0:19:17]} Rc8 {[%clk 0:42:30]} 38. Rc1
{[%clk 0:19:08]} Ne5 {[%clk 0:41:57]} 39. c5 {[%clk 0:18:05]} Nd3
{[%clk 0:41:52]} 40. Rb1 {[%clk 0:18:20]} Nxc5 {[%clk 0:42:14]} 41. Rc1
{[%clk 0:18:40]} Kf8 {[%clk 0:42:22]} 42. Kf1 {[%clk 0:19:03]} Ke7
{[%clk 0:42:42]} 43. Ke2 {[%clk 0:19:19]} Rc6 {[%clk 0:42:22]} 44. Rc4
{[%clk 0:19:06]} Kd7 {[%clk 0:42:29]} 45. Rf4 {[%clk 0:19:06]} f5
{[%clk 0:42:50]} 46. Rc4 {[%clk 0:18:48]} Ne4 {[%clk 0:43:02]} 47. Rd4+
{[%clk 0:17:02]} Kc7 {[%clk 0:42:04]} 48. Ke3 {[%clk 0:16:26]} e5
{[%clk 0:41:23]} 49. Rb4 {[%clk 0:15:48]} Rc3+ {[%clk 0:41:15]} 50. Ke2
{[%clk 0:16:00]} Rc2+ {[%clk 0:41:33]} 51. Ke3 {[%clk 0:16:05]} Rxa2
{[%clk 0:39:17]} 52. Rc4+ {[%clk 0:16:10]} Kd7 {[%clk 0:39:29]} 53. Rb4
{[%clk 0:15:48]} Ra3+ {[%clk 0:37:35]} 54. Ke2 {[%clk 0:16:06]} Nc3+
{[%clk 0:37:58]} 55. Kd2 {[%clk 0:16:14]} Nb5 {[%clk 0:38:21]} 56. Rh4
{[%clk 0:15:59]} h6 {[%clk 0:38:23]} 57. Rh5 {[%clk 0:15:33]} Nd4
{[%clk 0:38:29]} 58. Rh4 {[%clk 0:14:39]} a5 {[%clk 0:37:26]} 59. g4
{[%clk 0:14:48]} Nf3+ {[%clk 0:37:52]} 60. Ke2 {[%clk 0:14:58]} Nxh4
{[%clk 0:38:16]} 61. gxf5 Nxf5 {[%clk 0:38:23]} 62. f3 {[%clk 0:15:31]} Re3+
{[%clk 0:38:43]} 63. Kf2 {[%clk 0:15:53]} Kd6 {[%clk 0:39:31]} 64. f4
{[%clk 0:16:16]} e4 {[%clk 0:39:56]} 65. h4 {[%clk 0:16:36]} Kd5 {[%clk 0:40:18]}
66. h5 {[%clk 0:16:53]} Kd4 {[%clk 0:40:38]} 67. Kg2 {[%clk 0:17:12]} Rf3
{[%clk 0:41:02]} 68. Kg1 {[%clk 0:17:26]} Ke3 {[%clk 0:41:18]} 69. Kg2
{[%clk 0:17:50]} Ke2 {[%clk 0:41:12]} 70. Kg1 {[%clk 0:18:05]} Rf2
{[%clk 0:41:26]} 71. Kh1 {[%clk 0:18:25]} Kf3 {[%clk 0:41:21]} 72. Kg1
{[%clk 0:18:50]} Kg3 {[%clk 0:41:43]} 73. Kh1 {[%clk 0:19:13]} Rf1# 0-1

[Event "NK Jeugd Cj"]
[Site "Assen"]
[Date "2017.04.23"]
[Round "1.10"]
[White "Grutter, Tim"]
[Black "Rutjens, Mika"]
[Result "1-0"]
[BlackElo "1515"]
[WhiteElo "1828"]
[LiveChessVersion "1.4.8"]

1. e4 {[%clk 1:30:57]} e5 {[%clk 1:30:54]} 2. Nf3 {[%clk 1:31:20]} Nf6
{[%clk 1:31:19]} 3. Nxe5 {[%clk 1:31:32]} d6 {[%clk 1:31:43]} 4. Nf3
{[%clk 1:31:55]} Nxe4 {[%clk 1:32:11]} 5. d4 {[%clk 1:31:37]} d5 {[%clk 1:32:34]}
6. Bd3 {[%clk 1:31:52]} Bf5 {[%clk 1:32:52]} 7. O-O {[%clk 1:32:06]} Bd6
{[%clk 1:33:07]} 8. Re1 {[%clk 1:32:04]} O-O {[%clk 1:33:26]} 9. c4
{[%clk 1:31:50]} c6 {[%clk 1:33:47]} 10. Nc3 {[%clk 1:31:36]} Nxc3
{[%clk 1:33:09]} 11. bxc3 {[%clk 1:31:54]} Bxd3 {[%clk 1:33:26]} 12. Qxd3
{[%clk 1:32:10]} Nd7 {[%clk 1:32:21]} 13. c5 {[%clk 1:20:46]} Bc7
{[%clk 1:26:26]} 14. Bg5 {[%clk 1:17:44]} f6 {[%clk 1:26:11]} 15. Bh4
{[%clk 1:16:44]} Re8 {[%clk 1:17:34]} 16. Qf5 {[%clk 1:10:02]} Nf8
{[%clk 1:12:38]} 17. Bg3 {[%clk 1:02:29]} Bxg3 {[%clk 1:12:24]} 18. hxg3
{[%clk 1:02:31]} Qa5 {[%clk 1:09:38]} 19. Qc2 {[%clk 0:55:49]} b6
{[%clk 1:06:10]} 20. cxb6 {[%clk 0:54:22]} axb6 {[%clk 1:05:58]} 21. Rxe8
{[%clk 0:48:09]} Rxe8 22. Re1 Ra8 23. Re2 Kf7 24. g4 Qa4 25. Qf5 Kg8 26. g5 fxg5
27. Re7 1-0

[Event "NK Jeugd Cj"]
[Site "Assen"]
[Date "2017.04.23"]
[Round "1.11"]
[White "Algra, Sake"]
[Black "Kutchoukov, Daniel"]
[Result "0-1"]
[WhiteElo "1481"]
[BlackElo "1823"]
[PlyCount "48"]
[EventDate "2017.??.??"]

1. e4 c6 2. d4 d5 3. Nd2 dxe4 4. Nxe4 Bf5 5. Ng3 Bg6 6. Nh3 e6 7. Bc4 Bd6 8.
Bf4 Nf6 9. O-O O-O 10. c3 Be7 11. Re1 Nd5 12. Bxd5 cxd5 13. Bd2 Nc6 14. Nf4 b5
15. Nxg6 hxg6 16. Qf3 b4 17. Rab1 Qb6 18. Rec1 Rfc8 19. h3 bxc3 20. bxc3 Qa6
21. Rc2 Nxd4 22. cxd4 Rxc2 23. Qd1 Qxa2 24. Be3 Rac8 0-1

[Event "NK Jeugd Cj"]
[Site "Assen"]
[Date "2017.04.23"]
[Round "1.12"]
[White "Honkoop, Gilian"]
[Black "Ekker, Laurens"]
[Result "1-0"]
[BlackElo "1396"]
[WhiteElo "1820"]
[LiveChessVersion "1.4.8"]

1. Nf3 {[%clk 1:30:59]} d5 {[%clk 1:30:48]} 2. d4 {[%clk 1:31:26]} Nf6
{[%clk 1:31:10]} 3. c4 {[%clk 1:31:54]} e6 {[%clk 1:31:32]} 4. Nc3
{[%clk 1:32:22]} c5 {[%clk 1:31:51]} 5. Bg5 {[%clk 1:30:39]} Nc6 {[%clk 1:29:05]}
6. dxc5 {[%clk 1:27:28]} d4 {[%clk 1:24:05]} 7. Ne4 {[%clk 1:21:40]} Qa5+
{[%clk 1:17:04]} 8. Bd2 {[%clk 1:21:52]} Qd8 {[%clk 1:15:43]} 9. Nxf6+
{[%clk 1:21:23]} Qxf6 {[%clk 1:15:14]} 10. b4 {[%clk 1:19:13]} Be7
{[%clk 1:04:44]} 11. Bg5 {[%clk 1:16:45]} Qg6 {[%clk 1:02:54]} 12. Bxe7
{[%clk 1:16:49]} Kxe7 {[%clk 1:01:39]} 13. a3 {[%clk 1:14:24]} Qf6
{[%clk 0:52:56]} 14. b5 {[%clk 1:04:15]} Ne5 {[%clk 0:50:18]} 15. Nxd4
{[%clk 1:02:23]} Nxc4 {[%clk 0:37:37]} 16. e3 {[%clk 1:00:55]} Ne5
{[%clk 0:36:30]} 17. Be2 {[%clk 0:55:09]} Rd8 {[%clk 0:32:23]} 18. O-O
{[%clk 0:53:49]} Ng6 {[%clk 0:29:48]} 19. Qb3 {[%clk 0:53:11]} e5
{[%clk 0:27:05]} 20. Nf3 {[%clk 0:52:10]} e4 {[%clk 0:20:34]} 21. Nd4
{[%clk 0:50:55]} Qg5 {[%clk 0:20:13]} 22. f4 {[%clk 0:49:32]} Qxc5
{[%clk 0:20:04]} 23. Rac1 {[%clk 0:49:13]} Qd5 {[%clk 0:16:29]} 24. Bc4
{[%clk 0:45:37]} Qh5 {[%clk 0:11:17]} 25. Bxf7 {[%clk 0:44:14]} Qg4
{[%clk 0:09:21]} 26. h3 {[%clk 0:40:19]} Qh4 {[%clk 0:08:39]} 27. Rxc8
{[%clk 0:36:38]} Qf6 {[%clk 0:06:28]} 28. Rc7+ {[%clk 0:34:01]} Rd7
{[%clk 0:05:25]} 29. Qb4+ {[%clk 0:33:40]} Kd8 {[%clk 0:04:19]} 30. Ne6+
{[%clk 0:33:21]} 1-0

[Event "NK Jeugd Cj"]
[Site "Assen"]
[Date "2017.04.23"]
[Round "1.13"]
[White "Brandsma, Romayn"]
[Black "Gevorkjan, Lewon"]
[Result "0-1"]
[BlackElo "1815"]
[WhiteElo "1390"]
[LiveChessVersion "1.4.8"]

1. d4 {[%clk 1:30:57]} Nf6 {[%clk 1:30:52]} 2. c4 {[%clk 1:31:23]} e6
{[%clk 1:31:13]} 3. a3 {[%clk 1:31:48]} b6 {[%clk 1:31:27]} 4. Nc3
{[%clk 1:32:09]} Bb7 {[%clk 1:31:48]} 5. Bg5 {[%clk 1:32:22]} d5 {[%clk 1:31:17]}
6. e3 {[%clk 1:32:12]} h6 {[%clk 1:31:13]} 7. Bh4 {[%clk 1:32:22]} Nbd7
{[%clk 1:31:17]} 8. Bd3 {[%clk 1:32:25]} c5 {[%clk 1:30:52]} 9. cxd5
{[%clk 1:32:31]} exd5 {[%clk 1:30:58]} 10. Nge2 {[%clk 1:32:26]} Be7
{[%clk 1:30:45]} 11. Bg3 {[%clk 1:32:38]} Rc8 {[%clk 1:30:30]} 12. Nb5
{[%clk 1:30:31]} a6 {[%clk 1:29:23]} 13. Nd6+ {[%clk 1:30:40]} Bxd6
{[%clk 1:29:41]} 14. Bxd6 {[%clk 1:30:58]} Rc6 {[%clk 1:30:03]} 15. Bg3
{[%clk 1:29:19]} O-O {[%clk 1:28:38]} 16. O-O {[%clk 1:26:49]} Qe7
{[%clk 1:25:40]} 17. h3 {[%clk 1:25:41]} Ne4 {[%clk 1:22:26]} 18. Bh2
{[%clk 1:24:14]} Ndf6 {[%clk 1:19:38]} 19. dxc5 {[%clk 1:22:27]} bxc5
{[%clk 1:15:41]} 20. Re1 {[%clk 1:19:55]} Re8 {[%clk 1:12:53]} 21. f3
{[%clk 1:19:21]} Nd6 {[%clk 1:10:00]} 22. Ng3 {[%clk 1:19:22]} Qd8
{[%clk 1:04:24]} 23. e4 {[%clk 1:17:02]} dxe4 {[%clk 0:51:00]} 24. fxe4
{[%clk 1:17:12]} Nb5 {[%clk 0:47:15]} 25. e5 {[%clk 1:16:15]} Nd5
{[%clk 0:41:36]} 26. Bxb5 {[%clk 1:16:11]} axb5 {[%clk 0:41:23]} 27. Nf5
{[%clk 1:16:24]} Rg6 {[%clk 0:38:48]} 28. Nd6 {[%clk 1:16:28]} Rxg2+ 29. Kxg2
{[%clk 1:12:14]} Ne3+ {[%clk 0:29:46]} 30. Kf2 {[%clk 1:12:24]} Nxd1+ 31. Raxd1
{[%clk 1:12:46]} Qd7 {[%clk 0:26:59]} 32. Nxe8 {[%clk 1:12:34]} Qxe8
{[%clk 0:27:28]} 33. Rd6 {[%clk 1:12:25]} Qc8 {[%clk 0:27:03]} 34. Kg3
{[%clk 1:12:26]} Qf5 {[%clk 0:26:53]} 35. Re3 {[%clk 1:11:57]} Qg5+
{[%clk 0:27:10]} 36. Kf2 {[%clk 1:12:16]} Qg2+ {[%clk 0:27:26]} 37. Ke1
{[%clk 1:12:33]} Qxh2 {[%clk 0:27:14]} 38. Rd8+ {[%clk 1:11:35]} Kh7
{[%clk 0:27:10]} 39. Rd7 {[%clk 1:11:44]} Bd5 {[%clk 0:26:30]} 40. Re2
{[%clk 1:10:13]} Qg1+ {[%clk 0:26:34]} 41. Kd2 {[%clk 1:10:24]} Bc4
{[%clk 0:26:04]} 42. Re1 {[%clk 1:10:16]} Qf2+ {[%clk 0:26:05]} 43. Kd1
{[%clk 1:10:36]} Bb3+ {[%clk 0:26:25]} 0-1

[Event "NK Jeugd Cj"]
[Site "Assen"]
[Date "2017.04.23"]
[Round "1.14"]
[White "Shakhverdian, William"]
[Black "Schelleman, Martijn"]
[Result "1-0"]
[WhiteElo "1732"]
[BlackElo "1385"]
[PlyCount "63"]
[EventDate "2017.??.??"]

1. e4 e5 2. Nf3 Nc6 3. Bc4 Bc5 4. c3 d6 5. d4 Bb6 6. dxe5 dxe5 7. Qxd8+ Kxd8 8.
Bxf7 Nf6 9. Bg5 Ke7 10. Bd5 Bd7 11. Nbd2 Kd6 12. Nc4+ Ke7 13. Nfxe5 Nxe5 14.
Nxe5 c6 15. Bb3 Bc7 16. Nxd7 Kxd7 17. O-O-O+ Kc8 18. Bxf6 gxf6 19. Be6+ Kb8 20.
Rd7 Bf4+ 21. Kc2 a6 22. g3 Bh6 23. Rhd1 Ka7 24. Bf5 Bf8 25. Rxh7 Bc5 26. f3
Rxh7 27. Bxh7 Rh8 28. Rd7 Bf2 29. Kd2 Kb8 30. Ke2 Kc8 31. Bf5 Kb8 32. Kxf2 1-0